Responses for Show #7415 - Friday, December 2, 2016

Tim Aten game 1.

Contestants

[<< previous game]

Tim Aten, an editor from Vermilion, Ohio

Ryan O'Shea, an engineer from Hermosa Beach, California

Asim Modi, an attorney from San Francisco, California (whose 1-day cash winnings total $10,399)

[next game >>]

Jeopardy! Round responses

THE PACHEBEL CANON IN D
THE MOVIE/TV STAR
BREAK-UPS
ANIMAL COLLECTIVE NOUNS
REQUIRED READING
"Y"s UP
    $200 26
(Alex: Less than a minute now.)

a wedding

Asim
    $200 9
Woody Harrelson

Ryan
    $200 1
Sonny & Cher

Tim
    $200 16
herds

Asim
    $200 21
Hans Brinker

Asim
    $200 2
yield

Tim
    $400 30
the bass

Tim
    $400 4
(Benedict) Cumberbatch

Tim
    $400 11
Rhett Butler and Scarlett O'Hara

Ryan
    $400 17
(Ryan: What is a bouquet?)

a bed

AsimRyan
    $400 22
Jane Eyre

Ryan
    $400 3
Y2K

Ryan
    $600 28
Ordinary People

Asim
    $600 6
Bradley Cooper

Ryan
    $600 12
Barbie and Ken

Asim
    $600 18
skunks

Tim
    $600 23
Walter Mitty

Ryan
    $600 5
youth

Ryan
    $800 27
a chamber orchestra

Ryan
    $800 7
(Katherine) Heigl

Asim
    $800 13
(Diego) Rivera and (Frieda) Kahlo

Tim
    $1,600 19
locusts

Tim
    $800 24
(John) Irving

Ryan
    $800 10
Yelp

Ryan
    $1000 29
counterpoint

Triple Stumper
    $1000 8
(Asim: Who is Tomlin?)
(Alex: Both women, please.)
(Asim: Uh, Lily Tomlin, and, uh--)
(Alex: No, sorry.)

Jane Fonda and Lily Tomlin

Asim
Triple Stumper
    $1000 15
Burton and Elizabeth Taylor

Asim
    $1000 20
colony

Triple Stumper
    $1000 25
(Eugene) O'Neill

Tim
    $1000 14
a yokel

Tim

Scores at the first commercial break (after clue 15):

Asim Ryan Tim
$1,400 $3,000 $2,600

Scores at the end of the Jeopardy! Round:

Asim Ryan Tim
$3,000 $5,200 $6,200

Double Jeopardy! Round responses

THE TACO BELL CANON IN "D"
PERFECT!
BROADWAY
NATIONAL HISTORIC SITES
HEALTH & MEDICINE
A RIVER RUNS TO IT
    $400 1
Doritos

Tim
    $400 7
immaculate

Tim
    $400 30
Hamilton

Ryan
    $400 13
Atlanta

Asim
    $400 22
asthma

Ryan
    $400 27
the Caspian Sea

Asim
    $800 2
double-dip

Ryan
    $800 8
(Asim: What is flawed?)

flawless

AsimTim
    $800 28
(Asim: What is Hamilton?)
(Ryan: What is The Miracle Worker?)

Beautiful: The Carole King Musical

AsimRyan
Triple Stumper
    $800 14
Pennsylvania

Ryan
    $800 23
a migraine

Triple Stumper
    $800 26
(Ryan: What is the Aegean?)

the Adriatic

AsimRyan
    $1200 3
Dr. Pepper

Tim
    $2,600 9
mint

Tim
    $1200 11
Equus

Tim
    $3,000 21
Clara Barton

Ryan
    $1200 15
Alzheimer's disease

Asim
    $1200 18
the Atlantic Ocean

Ryan
    $1600 4
DoorDash

Ryan
    $1600 10
unadulterated

Ryan
    $1600 5
Tru

Tim
    $1600 24
Kamehameha

Asim
    $1600 16
the eardrum

Ryan
    $1600 19
(Asim: What is the Bay of Bengal?)

the Arabian Sea

AsimTim
    $2000 6
delights

Tim
    $2000 12
nonpareil

Triple Stumper
    $2000 29
Biloxi Blues

Triple Stumper
    $2000 25
Manzanar

Triple Stumper
    $2000 17
anemia

Triple Stumper
    $2000 20
the Bay of Biscay

Ryan

Scores at the end of the Double Jeopardy! Round:

Asim Ryan Tim
$4,200 $17,000 $18,000

[wagering suggestions for these scores]

Final Jeopardy! Round responses

MODERN MYTHOLOGY
(Alex: "Purported" in the clue because 60 years later, the photograph was revealed to be a hoax.)
AsimWhat is the Loch Ness Monster
$4,199
RyanWhat is the Loch Ness Monster?
$1,515
TimWhat is the Loch Ness monster?
$17,000
the Loch Ness monster

Final scores:

Asim Ryan Tim
$8,399 $18,515 $35,000
3rd place: $1,000 2nd place: $2,000 New champion: $35,000

Game dynamics:

Coryat scores:

Asim Ryan Tim
$4,200 $15,200 $15,800
13 R,
4 W
20 R
(including 1 DD),
3 W
18 R
(including 2 DDs),
0 W

Combined Coryat: $35,200

[game clues] [game scores] [suggest correction]

Game tape date: 2016-08-24
The J! Archive is created by fans, for fans. Scraping, republication, monetization, and malicious use prohibited; this site may use cookies and collect identifying information. See terms. The Jeopardy! game show and all elements thereof, including but not limited to copyright and trademark thereto, are the property of Jeopardy Productions, Inc. and are protected under law. This website is not affiliated with, sponsored by, or operated by Jeopardy Productions, Inc. Join the discussion at JBoard.tv.